|
|
|
|
| LEADER |
00000nam a2200000 i 4500 |
| 005 |
20110829151548.0 |
| 008 |
090504s2009 sp 000 0 spa d |
| 020 |
|
|
|a 9788496721784
|
| 035 |
|
|
|a 5703
|
| 040 |
|
|
|a BUS
|d vLex
|
| 080 |
|
|
|a 349.2:331.5.024(4-672 U.E)
|
| 090 |
|
|
|c 2287
|d 2287
|
| 245 |
0 |
0 |
|a Estudios sobre la estrategia europea de la flexiseguridad
|b una aproximacin̤ critica /
|c Juan Pablo Landa Zapirain (coordinador) ; Jean Michel Servais ...[et al.]
|h [Recurso electrn̤ico] :
|
| 256 |
|
|
|a Servicio en ln̕ea.
|
| 260 |
|
|
|a Albacete :
|b Bomarzo,
|c 2009.
|
| 300 |
|
|
|a 188 p. ;
|c 24 cm.
|
| 490 |
1 |
|
|a Estudios
|
| 506 |
1 |
|
|a Contenido solo disponible en los productos indicados
|d vLex Global
|d vLex Global (Academic Edition, excluding Law Schools)
|d vLex Global (U.S. Academic Edition, Law Schools)
|d vLex Global (U.S. Academic Edition, excluding Law Schools)
|d vLex Global (Academic Edition, Law Schools)
|
| 650 |
0 |
4 |
|a Trabajo, Mercado de
|z Pas̕es de la Unin̤ Europea
|
| 700 |
1 |
|
|a Servais, Jean Michel,
|e coaut.
|
| 700 |
1 |
|
|a Landa Zapirain, Juan Pablo,
|e coord.
|
| 740 |
0 |
|
|a vLex Libros (Servicio en ln̕ea)
|
| 830 |
|
0 |
|a Estudios (Bomarzo)
|
| 856 |
4 |
0 |
|u http://vlex.com/source/5703
|z Acceso restringido
|
| 907 |
|
|
|a .b2048432x
|
| 942 |
|
|
|c BOOK
|